Stanovenie nákladov vlastného kapitálu metódou Build up

Stanovenie obchodného rizika vybranej banky pred a po kríze-ilustračný príklad.

Gespeichert in:
Bibliographische Detailangaben
1. Verfasser: Horvátová, Eva, 1958-
Format: Buchkapitel
Sprache:Slowakisch
Schlagworte:
Tags: Tag hinzufügen
Keine Tags, Fügen Sie das erste Tag hinzu!

MARC

LEADER 00000nla a2200000 4500
001 0181286
005 20240502073117.4
041 0 |a slo 
044 |a SK 
245 1 0 |a Stanovenie nákladov vlastného kapitálu metódou Build up  |c Eva Horvátová 
520 |a Stanovenie obchodného rizika vybranej banky pred a po kríze-ilustračný príklad. 
610 2 0 |a riziko bankové 
610 2 0 |a kapitál bankový 
610 2 0 |a kapitál vlastný 
610 2 0 |a náklady 
610 2 0 |a riziko obchodné 
100 1 |a Horvátová, Eva, 1958-